000 00360nam a2200157Ia 4500
003 0STCL
008 150530s9999 xx 000 0 und d
040 _aSTCL
_cSTCL
100 _aPhilips, E.G.
245 _aCourse of Analysis
260 _bCambridge university
_c1962
546 _aEnglish
942 _2ddc
_cBK
999 _c23436
_d23436
005 20220125165955.0